[Event "Moscow-ch Final (Women)"]
[Site "Moscow"]
[Date "2021.04.02"]
[Round "9"]
[White "Shevtsova, Stefania"]
[Black "Mayorova, Varvara"]
[Result "1-0"]
[WhiteElo "1654"]
[BlackElo "1446"]
[PlyCount "81"]
[EventDate "2021.03.25"]
[EventType "swiss"]
[EventRounds "9"]
[EventCountry "RUS"]
[SourceTitle "CBM 202 Extra"]
[Source "ChessBase"]
[SourceDate "2021.07.31"]
[SourceVersion "1"]
[SourceVersionDate "2021.07.31"]
[SourceQuality "1"]

1. e4 c5 2. c3 d5 3. exd5 Qxd5 4. d4 Nf6 5. Nf3 Bg4 6. Nbd2 cxd4 7. cxd4 Nc6 8. h3 Bh5 9. Qa4 e6 10. Bc4 Qa5 11. Qxa5 Nxa5 12. Bb5+ Kd8 13. g4 Bg6 14. Ne5 Bd6 15. f4 Ke7 16. 0-0 a6 17. Be2 Bc2 18. b3 h6 19. Bb2 Rac8 20. Rac1 Bh7 21. Ndc4 Nxc4 22. bxc4 b6 23. Rf3 Be4 24. Rb3 Rb8 25. c5 Bxe5 26. dxe5 Nd5 27. cxb6 Rhd8 28. Ba3+ Ke8 29. Bxa6 Nxb6 30. Bd6 Bd5 31. Rb2 Nd7 32. Bxb8 Nxb8 33. Bb7 f6 34. Bxd5 exd5 35. Rb7 fxe5 36. fxe5 Nd7 37. Rcc7 d4 38. e6 Ne5 39. Rxg7 Kf8 40. e7+ Kxg7 41. exd8Q+ 1-0

[Event "Moscow-ch Final (Women)"]
[Site "Moscow"]
[Date "2021.03.30"]
[Round "6"]
[White "Mayorova, Varvara"]
[Black "Antonova, Nadezhda"]
[Result "0-1"]
[WhiteElo "1446"]
[BlackElo "1877"]
[PlyCount "118"]
[EventDate "2021.03.25"]
[EventType "swiss"]
[EventRounds "9"]
[EventCountry "RUS"]
[SourceTitle "CBM 202 Extra"]
[Source "ChessBase"]
[SourceDate "2021.07.31"]
[SourceVersion "1"]
[SourceVersionDate "2021.07.31"]
[SourceQuality "1"]

1. d4 Nf6 2. Nf3 g6 3. Nbd2 c5 4. dxc5 Qa5 5. a3 Qxc5 6. b4 Qc3 7. Rb1 Bg7 8. Bb2 Qc7 9. e3 0-0 10. Be2 b6 11. 0-0 Bb7 12. c4 d6 13. Qc2 Nbd7 14. Nd4 Rfc8 15. Rfc1 a6 16. Bf3 Ne5 17. Bxb7 Qxb7 18. N4f3 Ned7 19. Nb3 Rc7 20. Qe2 Rac8 21. Rc2 e5 22. Rbc1 Bf8 23. h3 Be7 24. a4 a5 25. b5 Ne4 26. Ba3 Rd8 27. Nfd2 Nec5 28. Nxc5 dxc5 29. Rd1 Nf8 30. Nb1 Rxd1+ 31. Qxd1 Qe4 32. Nc3 Rd7 33. Qe2 Qd3 34. Qxd3 Rxd3 35. Bb2 Bd8 36. Rc1 Ne6 37. Rd1 Rxd1+ 38. Nxd1 f6 39. Nc3 Nc7 40. f3 Ne8 41. Ne4 Kf7 42. Kf2 Ke6 43. f4 f5 44. Ng5+ Bxg5 45. fxg5 Nd6 46. Kf3 Nxc4 47. Bc3 Nd6 48. h4 Kd5 49. g4 fxg4+ 50. Kxg4 Ke4 51. h5 Nc4 52. hxg6 hxg6 53. Kg3 Nxe3 54. Bxa5 bxa5 55. b6 Nf5+ 56. Kf2 Nd6 57. Ke2 c4 58. Kd2 Kd4 59. Kc2 e4 0-1

[Event "Moscow Time of the First U15 Girls"]
[Site "Moscow"]
[Date "2019.06.22"]
[Round "8"]
[White "Korchagina, Darina"]
[Black "Mayorova, Varvara"]
[Result "0-1"]
[WhiteElo "1150"]
[BlackElo "1337"]
[PlyCount "54"]
[EventDate "2019.06.17"]
[EventType "swiss"]
[EventRounds "9"]
[EventCountry "RUS"]
[SourceTitle "EXT 2021"]
[Source "ChessBase"]
[SourceDate "2020.10.23"]
[SourceVersion "1"]
[SourceVersionDate "2020.10.23"]
[SourceQuality "1"]

1. d4 d5 2. Bf4 Nf6 3. e3 c5 4. Nf3 Nc6 5. c4 cxd4 6. exd4 e6 7. cxd5 Nxd5 8. Be3 Be7 9. Bb5 Bd7 10. 0-0 0-0 11. Bxc6 Bxc6 12. Qb3 Rc8 13. Nc3 a6 14. Rac1 Bd6 15. Nxd5 Bxd5 16. Rxc8 Qxc8 17. Qa4 Qb8 18. Nd2 Bxh2+ 19. Kh1 Bd6 20. Nc4 b5 21. Qxa6 bxc4 22. Rb1 Rd8 23. Qa4 h6 24. Qc2 Qb7 25. f3 Bxf3 26. gxf3 Qxf3+ 27. Kg1 Qxe3+ 0-1

[Event "Moscow Time of the First U15 Girls"]
[Site "Moscow"]
[Date "2019.06.21"]
[Round "6"]
[White "Volegova, Polina"]
[Black "Mayorova, Varvara"]
[Result "1-0"]
[WhiteElo "1667"]
[BlackElo "1337"]
[PlyCount "87"]
[EventDate "2019.06.17"]
[EventType "swiss"]
[EventRounds "9"]
[EventCountry "RUS"]
[SourceTitle "EXT 2021"]
[Source "ChessBase"]
[SourceDate "2020.10.23"]
[SourceVersion "1"]
[SourceVersionDate "2020.10.23"]
[SourceQuality "1"]

1. e4 c5 2. c3 d5 3. exd5 Qxd5 4. d4 Nf6 5. Nf3 Bg4 6. Be2 e6 7. 0-0 Nc6 8. Be3 Be7 9. dxc5 0-0 10. b4 a5 11. b5 Na7 12. c4 Qh5 13. h3 Bxf3 14. Bxf3 Qf5 15. Bxb7 Rad8 16. Qf3 Qe5 17. Na3 Bxc5 18. b6 Nc8 19. Bf4 Qb2 20. Bxc8 Qxa3 21. Qxa3 Bxa3 22. b7 Rxc8 23. bxc8Q Rxc8 24. Rab1 Bb4 25. Rfc1 Ne4 26. Rb3 g5 27. Be3 h6 28. a3 Bc5 29. Bxc5 Nxc5 30. Rb5 a4 31. Rc2 Kg7 32. Ra5 Kf6 33. g4 Ke5 34. Kg2 Kd4 35. Kf3 Kd3 36. Ra2 Kc3 37. Re2 Kb3 38. Re3+ Kxc4 39. Re1 Kb3 40. Rc1 Kxa3 41. Raxc5 Rb8 42. Ra1+ Kb4 43. Rc7 Ka5 44. Ra7+ 1-0

[Event "Moscow Time of the First U15 Girls"]
[Site "Moscow"]
[Date "2019.06.19"]
[Round "4"]
[White "Gorlykina, Anastasiya"]
[Black "Mayorova, Varvara"]
[Result "1/2-1/2"]
[WhiteElo "1260"]
[BlackElo "1337"]
[PlyCount "79"]
[EventDate "2019.06.17"]
[EventType "swiss"]
[EventRounds "9"]
[EventCountry "RUS"]
[SourceTitle "EXT 2021"]
[Source "ChessBase"]
[SourceDate "2020.10.23"]
[SourceVersion "1"]
[SourceVersionDate "2020.10.23"]
[SourceQuality "1"]

1. b3 e5 2. Bb2 Nc6 3. e3 Nf6 4. d4 exd4 5. exd4 d5 6. Nf3 Bg4 7. Be2 Bd6 8. Nbd2 0-0 9. 0-0 h6 10. Re1 Re8 11. h3 Bf5 12. a3 Qd7 13. c4 dxc4 14. Nxc4 Bf8 15. Nfe5 Nxe5 16. Nxe5 Qd6 17. Bc4 Be6 18. Qc2 c6 19. Rac1 Rad8 20. Qd1 Nd7 21. Nxd7 Qxd7 22. Qf3 Bd5 23. Bxd5 Rxe1+ 24. Rxe1 Qxd5 25. Qxd5 Rxd5 26. Re8 f6 27. Rc8 Rd7 28. Re8 Kf7 29. Re2 Be7 30. a4 f5 31. Bc3 Bf6 32. Rd2 g6 33. Kf1 Ke6 34. Ke2 Rd5 35. Kd3 a5 36. g3 b5 37. axb5 cxb5 38. Bxa5 Rxd4+ 39. Kc2 Rxd2+ 40. Kxd2 1/2-1/2

[Event "Moscow Time of the First U15 Girls"]
[Site "Moscow"]
[Date "2019.06.17"]
[Round "1"]
[White "Mayorova, Varvara"]
[Black "Zvereva, Margarita"]
[Result "0-1"]
[WhiteElo "1337"]
[BlackElo "1714"]
[PlyCount "54"]
[EventDate "2019.06.17"]
[EventType "swiss"]
[EventRounds "9"]
[EventCountry "RUS"]
[SourceTitle "EXT 2021"]
[Source "ChessBase"]
[SourceDate "2020.10.23"]
[SourceVersion "1"]
[SourceVersionDate "2020.10.23"]
[SourceQuality "1"]

1. d4 d5 2. Nf3 Nf6 3. c4 e6 4. g3 Bb4+ 5. Bd2 Be7 6. Bg2 0-0 7. 0-0 c6 8. Qc2 b6 9. Nc3 Ba6 10. cxd5 cxd5 11. Rfe1 Bb7 12. a3 Nbd7 13. Bf4 Rc8 14. Qd3 Ne4 15. Nd2 Nxc3 16. bxc3 Nf6 17. Rec1 Nh5 18. Qf3 Nxf4 19. Qxf4 Bg5 20. Qf3 Bxd2 21. Rc2 Bg5 22. h4 Bf6 23. Rd1 Be7 24. a4 Qd7 25. Ra1 Rc4 26. a5 bxa5 27. Rxa5 Ra4 0-1